| 000 | 00514nam a2200193Ia 4500 | ||
|---|---|---|---|
| 005 | 20240913125915.0 | ||
| 008 | 240913s9999||||xx |||||||||||||| ||und|| | ||
| 020 | _a81-309-0257-5 | ||
| 041 | _aENGLISH | ||
| 082 | _A616.1205 P6 | ||
| 100 | _aJonathan Sachner Bernstein | ||
| 245 | 0 | _aBefore it Happens to You | |
| 250 | _a1st | ||
| 260 |
_c2006 _bViva Books Private Li |
||
| 500 | _aREFERENCE | ||
| 650 |
_aAudiology Speech and Language Pathology _bAllied Health Science |
||
| 942 | _cREF | ||
| 999 |
_c246527 _d246527 |
||